000 00559cam a22001814a 4500
005 20250605164401.0
008 250528s ||||||||||||||||||||||||d
035 _a24605
040 _aGR-AtMCL
_bgre
_dGR-AtMCL
_eAACR2
245 1 _aAramco World
260 _bAramco Americas,
_c2021
300 _a40
520 _aThe Quest for Blue, Uncle Sam's Camel Captain, Shanidar Cave Yields New Signs of Neanderthal Emotions, Pinisi Boats Sail into the Future, Pepper.
700 1 _aDoughty Richard
_99493
942 _cCR
999 _c9474
_d9474